|
|
|
|
| LEADER |
03335nam a22005295i 4500 |
| 001 |
978-981-10-0012-6 |
| 003 |
DE-He213 |
| 005 |
20160219021143.0 |
| 007 |
cr nn 008mamaa |
| 008 |
160217s2016 si | s |||| 0|eng d |
| 020 |
|
|
|a 9789811000126
|9 978-981-10-0012-6
|
| 024 |
7 |
|
|a 10.1007/978-981-10-0012-6
|2 doi
|
| 040 |
|
|
|d GrThAP
|
| 050 |
|
4 |
|a QC770-798
|
| 050 |
|
4 |
|a QC702.7.H42
|
| 050 |
|
4 |
|a QC793.5.H32-793.5.H329
|
| 072 |
|
7 |
|a PHM
|2 bicssc
|
| 072 |
|
7 |
|a SCI051000
|2 bisacsh
|
| 082 |
0 |
4 |
|a 539.7092
|2 23
|
| 100 |
1 |
|
|a Moritsu, Manabu.
|e author.
|
| 245 |
1 |
0 |
|a Search for the Pentaquark Θ+ via the π−p → K−X Reaction at J-PARC
|h [electronic resource] /
|c by Manabu Moritsu.
|
| 250 |
|
|
|a 1st ed. 2016.
|
| 264 |
|
1 |
|a Singapore :
|b Springer Singapore :
|b Imprint: Springer,
|c 2016.
|
| 300 |
|
|
|a XIII, 123 p. 86 illus., 48 illus. in color.
|b online resource.
|
| 336 |
|
|
|a text
|b txt
|2 rdacontent
|
| 337 |
|
|
|a computer
|b c
|2 rdamedia
|
| 338 |
|
|
|a online resource
|b cr
|2 rdacarrier
|
| 347 |
|
|
|a text file
|b PDF
|2 rda
|
| 490 |
1 |
|
|a Springer Theses, Recognizing Outstanding Ph.D. Research,
|x 2190-5053
|
| 505 |
0 |
|
|a Introduction to Pentaquark Search -- Experimental Apparatus -- Data Analysis -- Results -- Discussion -- Conclusion -- Appendix.
|
| 520 |
|
|
|a This theses reports on an experimental search for an exotic hadron, Θ+(1540) pentaquark, which is a genuine exotic hadron with a five-quark system of uuddsbar. The results of this book support that the existence of Θ+ was strongly constrained. The Θ+ pentaquark was searched for via the π- p → K- X reaction using a beam momentum of 2.01 GeV/c at the J-PARC hadron experimental facility, taking advantage of high-statistics and high-resolution compared with previous experiments, some of which claimed the evidence of Θ+. In order to realize a good missing-mass resolution of 2 MeV, the beam spectrometer and superconducting kaon spectrometer were constructed. No clear peak was observed in the missing mass spectrum of the π- p → K- X reaction, and the upper limit of the production cross section was found to be less than 0.28 μb/sr at the 90% confidence level in a mass region of 1500–1560 MeV/c2. This upper limit is an order of magnitude smaller than that of the previous KEK experiment. Compared with a theoretical calculation using the effective Lagrangian approach, the decay width of Θ+ was evaluated. The upper limits on the decay width were estimated to be 0.36 and 1.9 MeV for the Θ+ spin-parity of 1/2+ and 1/2-, respectively. These are quite small for a width of ordinary hadron resonances, and the existence of Θ+ was strongly constrained and is doubtful.
|
| 650 |
|
0 |
|a Physics.
|
| 650 |
|
0 |
|a Nuclear physics.
|
| 650 |
|
0 |
|a Heavy ions.
|
| 650 |
|
0 |
|a Hadrons.
|
| 650 |
|
0 |
|a Physical measurements.
|
| 650 |
|
0 |
|a Measurement.
|
| 650 |
1 |
4 |
|a Physics.
|
| 650 |
2 |
4 |
|a Nuclear Physics, Heavy Ions, Hadrons.
|
| 650 |
2 |
4 |
|a Measurement Science and Instrumentation.
|
| 710 |
2 |
|
|a SpringerLink (Online service)
|
| 773 |
0 |
|
|t Springer eBooks
|
| 776 |
0 |
8 |
|i Printed edition:
|z 9789811000102
|
| 830 |
|
0 |
|a Springer Theses, Recognizing Outstanding Ph.D. Research,
|x 2190-5053
|
| 856 |
4 |
0 |
|u http://dx.doi.org/10.1007/978-981-10-0012-6
|z Full Text via HEAL-Link
|
| 912 |
|
|
|a ZDB-2-PHA
|
| 950 |
|
|
|a Physics and Astronomy (Springer-11651)
|